Science Quiz

Random Science or Math Quiz
Score 0/30 Timer 07:00
13 Plays Today
Question Answer % Correct
Chemistry: What is any one of the alternate names for NaCl?sodium chloride
97.1%
Physics: Which British scientist came up with the 3 Laws of Motion?Isaac Newton
84.4%
Chemistry: Name any one of the noble gases that isn't radioactive.helium
81.9%
Earth Science: What is the most abundant element in the Earth's atmosphere?nitrogen
81.2%
Physics: Which star is the closest to the planet Earth?Sun
79.6%
Math: What trigonometric function is the same as sine divided by cosine?tangent
77.8%
Chemistry: What is the non-technical name for dihydrogen monoxide?water
77.4%
Chemistry: What is the name for 0 Kelvin or -273.15°C?absolute zero
77.3%
Physics: Who is the only woman with 2 Nobel Prizes, one in chemistry and one in physics?Marie Curie
76.5%
Biology: What is the movement of water through a selectively-permeable membrane?osmosis
73.3%
Biology: Geometrically, what is the specific structure of a DNA molecule called?double helix
72.8%
Biology: In the biological classification system, what comes between species and family?genus
66.9%
Math: For a pair of points, what does (y2-y1)/(x2-x1), aka rise over run, represent?slope
64.1%
Physics: In E=mc2, what is the name of the constant represented by c?speed of light
63.1%
Math: Name the sequence that begins 1,1,2,3,5,8,13...Fibonacci
60%
Question Answer % Correct
Physics: On the electromagnetic spectrum, what type of radiation has the shortest wavelength?gamma rays
59.9%
Chemistry: Using element symbols, decode this message: sulfur polonium carbon potassium.SPoCK
59.8%
Physics: What is the SI unit for energy, named after an English physicist?Joule
58.7%
Biology: What does a plant cell have surrounding it that an animal cell does not?cell wall
58.6%
Math: What number is 1012 in the US but 1018 in the UK?trillion
57.3%
Physics: What is the world's largest and highest-energy particle accelerator?Large Hadron Collider
49%
Biology: What German-speaking friar is famous for discovering the field of genetics?Gregor Mendel
45.5%
Chemistry: What is the more common term for
-log([H3O+]) ?
pH
44.7%
Chemistry: What process is the opposite of oxidation, where electrons are gained by a species?reduction
44.4%
Biology: What are the hairlike sensory|motion structures on the outside of cells called?cilia
43.8%
Biology: Name either of two bases that completes this set: guanine, cytosine, adenine, ___.thymine / uracil
43.3%
Chemistry: Complete the other half of the Ideal Gas Law: PV =___nRT
42.4%
Math: What do you call a line segment that connects any two points on a circle?chord
34.4%
Math: What is the more common name for a regular hexahedron?cube
34.3%
Math: What kind of number has factors that sum to itself like 6 (=1+2+3) or 28(=1+2+4+7+14)?perfect number
26.1%
Remove Ads.
Support Sporcle.
Get the best of Sporcle when you Go Orange. This ad-free experience offers more features, more stats, and more fun while also helping to support Sporcle. Thank you for becoming a member.

You're not logged in!

Compare scores with friends on all Sporcle quizzes.
OR
Log In

Show Comments

Extras

Top Quizzes Today


Score Distribution

Your Account Isn't Verified!

In order to create a playlist on Sporcle, you need to verify the email address you used during registration. Go to your Sporcle Settings to finish the process.

Report this User

Report this user for behavior that violates our Community Guidelines.

Details: